| 000 | 01197cad a22002535a 4500 | ||
|---|---|---|---|
| 001 | J118224 | ||
| 008 | 020529s2001 xxk 000 0 eng u | ||
| 035 | _a(Sirsi) u118224 | ||
| 050 | _a711.52 | ||
| 110 |
_aDepartment for Culture, Media and Sport _cArchitecture and Historic Environment Division _94252 |
||
| 245 | 0 | 4 |
_aThe historic environment _ba force for our future _h[electronic resource] |
| 260 |
_aLondon _bDCMS _c2001 |
||
| 300 |
_a58p. _c30cm. |
||
| 350 | _a0 | ||
| 490 |
_aPP _v378 |
||
| 520 | _aA statement marking the conclusion of the government review of policies and structures surrounding the conservation of the historic environment and considering future developments. | ||
| 650 | _aBUILT HERITAGE | ||
| 650 | _aHISTORIC ENVIRONMENT | ||
| 650 | _aTOURISM | ||
| 690 | _aBUILT ENVIRONMENT-BUILDING MAINTENANCE AND REFURBISHMENT-BUILDING CONSERVATION | ||
| 710 |
_aDepartment for Transport, Local Government and the Regions _94091 |
||
| 856 | 4 | 1 |
_uhttps://webarchive.nationalarchives.gov.uk/+/http:/www.culture.gov.uk/Reference_library/Publications/archive_2001/his_force_future.htm _zView the item free of charge at http://webarchive.nationalarchives.gov.uk |
| 942 | _n0 | ||
| 999 |
_c102118 _d102118 |
||